000 00480nam a2200169Ia 4500
999 _c2655
_d2655
003 OSt
005 20200813140256.0
008 190216s9999||||xx |||||||||||||| ||und||
040 _coclc
082 _a543.54
_bSIN/M
100 _aSindhu, P S
_94112
245 0 _aMolecular Spectroscopy /
_cP S Sindhu
260 _bTata Mcgrawhill Publishers,
_c1988.
_aNew Delhi:
300 _a352p
650 _aChemistry
942 _cBK
_2ddc
_h543.54
_iSIN/M
_k543.54
_mSIN/M